000 00719nam a22002177a 4500
003 UA-OsUOA
001 39551
007 ta
008 20080505b un ||||| |||| 00| 0 ukr d
090 _a050
_bС51
942 _cMG
040 _aUA-OsUOA
_bukr
_cUA-OsUOA
_dUA-OsUOA
245 _aСмолоскип (Журнал української молоді і студентства)
955 _a4
041 _aukr
080 _a050
260 _aТоронто
310 _a1957: 1-3, 7-8; 1986: 29, 31, 32
650 7 _a050 Серійні публікації. Періодика галузі, Організація та інші типи поєднання (співробітництва)
_2UDC
999 _c438063
_d438063